|
|
|
|
| LEADER |
01119nam a2200361 4500 |
| 001 |
DLU180189035 |
| 005 |
##20181211 |
| 020 |
# |
# |
|a 9786049558917
|
| 040 |
# |
# |
|a DLU
|b vie
|
| 041 |
# |
# |
|a viekor
|
| 044 |
# |
# |
|a vn
|
| 082 |
# |
# |
|a 495.783
|b OH-S
|
| 100 |
# |
# |
|a Oh, Seung-eun.
|
| 245 |
# |
# |
|a Học tiếng Hàn thật là đơn giản :
|b Trong giao tiếp hàng ngày /
|c Seung-eun Oh; Nguyễn Linh dịch; Trang Thơm, Trang Nhung hiệu đính.
|
| 246 |
# |
# |
|a Korean made easy for everyday life.
|
| 260 |
# |
# |
|a H. :
|b Hồng Đức,
|c 2018.
|
| 300 |
# |
# |
|a 295 tr. :
|b minh họa;
|c 26 cm.
|
| 490 |
# |
# |
|a Bộ sách tự học : Học tiếng Hàn thật là đơn giản.
|
| 650 |
# |
# |
|a Tiếng Hàn Quốc
|x Sách thành ngữ và đàm thoại.
|
| 700 |
# |
# |
|a Trang Nhung,
|e hiệu đính.
|
| 700 |
# |
# |
|a Trang Thơm,
|e hiệu đính.
|
| 700 |
# |
# |
|a Nguyễn Linh,
|e biên dịch.
|
| 923 |
# |
# |
|a 05/2018
|
| 991 |
# |
# |
|a SH
|
| 992 |
# |
# |
|a 128000
|
| 994 |
# |
# |
|a DLU
|
| 900 |
# |
# |
|a True
|
| 911 |
# |
# |
|a Nguyễn Thanh Hương
|
| 925 |
# |
# |
|a G
|
| 926 |
# |
# |
|a A
|
| 927 |
# |
# |
|a SH
|
| 980 |
# |
# |
|a Thư viện Trường Đại học Đà Lạt
|